[Event "ch-Moscow w 2012"]
[Site "Moscow RUS"]
[Date "2012.03.19"]
[Round "3"]
[White "Frolova,E"]
[Black "Fominykh,M"]
[Result "0-1"]
[WhiteElo "2000"]
[BlackElo "2278"]

1.e4 d6 2.d4 Nf6 3.Nc3 e5 4.Nf3 Nbd7 5.Bc4 Be7 6.O-O c6 7.a4 O-O 8.Re1 b6
9.Bg5 h6 10.Bh4 Nh7 11.Bg3 Ng5 12.d5 Nxf3+ 13.Qxf3 c5 14.a5 bxa5 15.Ra2 Nb6
16.Bd3 c4 17.Bf1 f5 18.exf5 Bxf5 19.Qe2 a4 20.Nxa4 Nxd5 21.Qd2 Nf6 22.Bxc4+ Kh8
23.Nc3 Qc8 24.b3 Rd8 25.Ra5 Rd7 26.f3 Bd8 27.Raa1 Bb6+ 28.Bf2 d5 29.Bb5 Bxf2+
30.Kxf2 Rc7 31.Ba6 Qe6 32.Ra2 Qb6+ 33.Kf1 d4 34.Ne4 Bxe4 35.fxe4 Ng4 36.Qd3 Rc3
37.Qd2 Rf8+ 38.Kg1 d3+  0-1

[Event "13th EICC"]
[Site "Plovdiv BUL"]
[Date "2012.03.20"]
[Round "1.129"]
[White "Kigel,D"]
[Black "Popovic,Du"]
[Result "0-1"]
[WhiteElo "2235"]
[BlackElo "2561"]

1.d4 d6 2.e4 Nf6 3.Nc3 e5 4.dxe5 dxe5 5.Qxd8+ Kxd8 6.Bg5 c6 7.O-O-O+ Ke8
8.f3 Nbd7 9.Nge2 h6 10.Bd2 Bc5 11.Kb1 Ke7 12.g4 Nf8 13.Ng3 g6 14.Na4 Bd6
15.b3 Ne6 16.Nb2 b5 17.Nd3 h5 18.g5 Nd7 19.h4 Ndc5 20.Nxc5 Bxc5 21.Ne2 Rd8
22.Bg2 Ba6 23.Ba5 Rxd1+ 24.Rxd1 Bf2 25.Bc3 b4 26.Bxe5 Bxe2 27.Rd2 Bxh4 28.Bd6+ Ke8
29.Rxe2 Bxg5 30.Bxb4 Rd8 31.Re1 Bd2 32.Bxd2 Rxd2 33.Bf1 Nf4 34.Bc4 h4 35.e5 Ke7  0-1

[Event "13th EICC"]
[Site "Plovdiv BUL"]
[Date "2012.03.21"]
[Round "2.159"]
[White "Manelidou,M"]
[Black "Janev,T"]
[Result "0-1"]
[WhiteElo "2067"]
[BlackElo "2382"]

1.e4 d6 2.d4 Nf6 3.Nc3 e5 4.dxe5 dxe5 5.Qxd8+ Kxd8 6.Bg5 Be6 7.Bxf6+ gxf6
8.O-O-O+ Nd7 9.Nd5 f5 10.exf5 Bxf5 11.Nf3 Bd6 12.Ng5 Ke8 13.Bc4 Bg6 14.Rhe1 Nb6
15.Nxb6 axb6 16.f4 f6 17.fxe5 fxe5 18.Kb1 Ke7 19.Bd5 c6 20.Be4 Rag8 21.Bxg6 Rxg6
22.Ne4 Bc7 23.Re2 Rhg8 24.g3 Ke6 25.Rde1 h5 26.c3 Rf8 27.Kc2 Rg4 28.Nf2 Ra4
29.Kb3 Ra5 30.Nd3 Rf5 31.Re4 Kf6 32.a3 Rd5 33.Kc2 Rf3 34.R4e3 Rxe3 35.Rxe3 Kf5
36.Nf2 Bd8 37.Rf3+ Ke6 38.Rf8 Bg5 39.Ne4 Be7 40.Rf3 b5 41.h3 Rd8 42.Nf2 c5
43.Ne4 c4 44.Nd2 Rf8 45.Rxf8 Bxf8 46.a4 bxa4 47.Nxc4 Kd5 48.Nd2 e4 49.g4 h4
50.Nf1 Bh6 51.Kd1 Kc4 52.Ke2 Kb3 53.Nd2+ Kxb2  0-1

[Event "13th EICC"]
[Site "Plovdiv BUL"]
[Date "2012.03.22"]
[Round "3.79"]
[White "Ivanisevic,I"]
[Black "Baratosi,D"]
[Result "1-0"]
[WhiteElo "2645"]
[BlackElo "2407"]

1.d4 d6 2.e4 Nf6 3.Nc3 e5 4.Nf3 Nbd7 5.Bc4 Be7 6.O-O O-O 7.Qe2 c6 8.Rd1 Qc7
9.a4 b6 10.Ba2 a5 11.Be3 exd4 12.Nxd4 Ne5 13.f3 Re8 14.Kh1 Ba6 15.Qf2 g6
16.g4 Bc4 17.b3 Ba6 18.Rg1 c5 19.Ndb5 Qd7 20.Rad1 Bb7 21.g5 Nh5 22.Nd5 Qh3
23.Qg2 Qxf3 24.Qxf3 Nxf3 25.Rgf1 Ne5 26.Nbc7 Rac8 27.Nxe8 Rxe8 28.c3 Bd8
29.Bb1 Kg7 30.Kg2 Re6 31.Bc2 f6 32.gxf6+ Nxf6 33.Nf4 Re8 34.Rxd6 Nxe4 35.Rxd8 Ng5+
36.Kg3 Rxd8 37.h4 Ngf7 38.Ne6+ Kg8 39.Nxd8 Nxd8 40.Bf4  1-0

[Event "ch-SRB Women 2012"]
[Site "Kac SRB"]
[Date "2012.03.23"]
[Round "2.3"]
[White "Manakova,M"]
[Black "Benderac,A"]
[Result "1-0"]
[WhiteElo "2315"]
[BlackElo "2297"]

1.e4 d6 2.d4 Nf6 3.Nc3 c6 4.g3 Nbd7 5.Bg2 e5 6.Nge2 Be7 7.O-O O-O 8.f4 Re8
9.h3 Bf8 10.dxe5 dxe5 11.f5 b5 12.a3 Nb6 13.b3 a5 14.Be3 Qc7 15.Qe1 Bb7 16.Qf2 Nfd7
17.a4 b4 18.Nb1 c5 19.c4 Rad8 20.Nd2 Nc8 21.g4 f6 22.h4 Na7 23.g5 Nc6 24.Qg3 Qd6
25.Kh2 Nd4 26.Nxd4 cxd4 27.Bf2 Nc5 28.Rg1 Kh8 29.Qf3 Qe7 30.Bh3 Rd6 31.Rg4 Bc6
32.Rag1 Qb7 33.gxf6 Rxf6 34.h5 Qf7 35.Bh4 Be7 36.Rxg7 Qxg7 37.Rxg7 Kxg7 38.Qg3+ Kf8
39.Bg2 Rh6 40.Bxe7+ Rxe7 41.Qg5 Rd6 42.f6 Rf7 43.Qxe5 Nb7 44.Nf3 d3 45.Ng5 Rfxf6
46.Nxh7+ Kf7 47.Nxf6 d2 48.Bf3 Rxf6 49.Qc7+ Kf8 50.Qc8+ Kf7 51.Bg4 Nc5 52.e5 Rf2+
53.Kg1 Rg2+ 54.Kf1 Bd7 55.e6+ Bxe6 56.Bxe6+  1-0

[Event "ch-Moscow w 2012"]
[Site "Moscow RUS"]
[Date "2012.03.24"]
[Round "8"]
[White "Utiatskaja,Irina"]
[Black "Morozova,Ulia"]
[Result "1/2-1/2"]
[WhiteElo "1915"]
[BlackElo "1875"]

1.e4 d6 2.d4 Nf6 3.Nc3 Nbd7 4.Nf3 e5 5.Bc4 Be7 6.O-O O-O 7.Re1 a6 8.a4 b6
9.Bg5 Bb7 10.Bxf6 Bxf6 11.d5 g6 12.b4 Bg7 13.Nd2 f5 14.f3 f4 15.Na2 Qh4 16.Be2 g5
17.c4 a5 18.bxa5 Rxa5 19.Nc1 Nf6 20.Nd3 Bc8 21.Nf2 h5 22.h3 Bd7 23.Nb1 Kf7
24.Nc3 Rh8 25.Nb5 Qg3 26.Nh1 Qh4 27.Nf2 Qg3 28.Nh1 Qh4 29.Nf2  1/2-1/2

[Event "13th EICC"]
[Site "Plovdiv BUL"]
[Date "2012.03.24"]
[Round "5.96"]
[White "Goumas,G"]
[Black "Popovic,Du"]
[Result "0-1"]
[WhiteElo "2398"]
[BlackElo "2561"]

1.e4 d6 2.d4 Nf6 3.Nc3 e5 4.Nf3 Nbd7 5.Bc4 Be7 6.O-O Nb6 7.Be2 exd4 8.Nxd4 O-O
9.a4 a5 10.Bf4 Re8 11.Re1 Bf8 12.Bf1 c6 13.Qd2 Nbd7 14.Nf3 Qc7 15.Nd4 Ne5
16.Bg5 Be7 17.f4 Ng6 18.f5 Ne5 19.Kh1 b6 20.Nd1 Bb7 21.Nf2 Rad8 22.Rad1 Qb8
23.c3 Qc7 24.Qc1 Neg4 25.Nxg4 Nxg4 26.Bxe7 Qxe7 27.Qf4 Nf6 28.Bd3 c5 29.Nb5 Bxe4
30.Bxe4 Nxe4 31.Kg1 Qb7 32.c4 h6 33.Rd5 Nf6 34.Rxe8+ Rxe8 35.Nxd6 Re1+ 36.Kf2 Qe7
37.Rd2 Ng4+ 38.Kg3 h5 39.Kh3 Nf6 40.Nc8 Qe8 41.Nxb6 Re4 42.Qc7 Re3+ 43.g3 Qe4
44.Nd7 Qxf5+ 45.Kg2 Qf3+ 46.Kh3 Qf1+  0-1

[Event "ch-St Petersburg w 2012"]
[Site "St Petersburg RUS"]
[Date "2012.03.24"]
[Round "8"]
[White "Korchagina,V"]
[Black "Chernyak,Viktoria"]
[Result "1-0"]
[WhiteElo "2103"]
[BlackElo "1869"]

1.e4 d6 2.d4 Nf6 3.Nc3 c6 4.f4 Qa5 5.Bd3 e5 6.dxe5 dxe5 7.fxe5 Ng4 8.h3 Nxe5
9.Nf3 Nbd7 10.Qe2 b5 11.Bd2 b4 12.Nd1 Bd6 13.Nd4 Nc5 14.Nf2 Ncxd3+ 15.cxd3 c5
16.Nf5 Bxf5 17.exf5 O-O 18.f6 Rfe8 19.O-O Bf8 20.fxg7 Bxg7 21.Ne4 Qb6 22.Be3 Nc4
23.dxc4 Rxe4 24.Qf3 Qe6 25.Bxc5 Rc8 26.Bxa7 Rcxc4 27.Rad1 Rc8 28.b3 Qe7 29.Bf2 Re2
30.Rfe1 Rcc2 31.Rxe2 Rxe2 32.Rd8+ Qxd8 33.Qxe2 Qg5 34.Qe3 Qd5 35.Qc5 Qd2
36.Kh2 h6 37.Bg3 Kh7 38.Be5 Bxe5+ 39.Qxe5 Kg6 40.Qe4+ Kg7 41.Kg3 Qc3+ 42.Kg4 Qd2
43.Kf3 Qc3+ 44.Kf4 Qd2+ 45.Ke5 Qg5+ 46.Kd4 Qd2+ 47.Kc4 Qxa2 48.Kxb4 Qd2+
49.Kb5 Qd7+ 50.Qc6 Qd3+ 51.Kb4 Qd4+ 52.Qc4 Qb6+ 53.Kc3 Qe3+ 54.Kb2 Qd2+ 55.Qc2 Qd5
56.b4 f6 57.g4 Qd4+ 58.Qc3 Qd5 59.Ka3 Qa8+ 60.Kb3 Qd5+ 61.Ka4 Qa8+ 62.Kb5 Qb7+
63.Kc4 Qc6+ 64.Kd4 Qd6+ 65.Ke4 Qe6+ 66.Kf4 Qd6+ 67.Kf3 Qd5+ 68.Kg3 Qd6+ 69.Kh4 Qf4
70.Qc5 h5 71.Qf5 Qxb4 72.Kxh5 Qd4 73.h4 Kf7 74.Kh6 Qd8 75.Qg6+ Ke7 76.Qe4+ Kf7
77.Qc4+ Ke7 78.Kh7 Qd7 79.Qg8 Qd3+ 80.Qg6 Qd8 81.h5 Ke6 82.Qg8+ Qxg8+ 83.Kxg8  1-0

[Event "ch-SRB Women 2012"]
[Site "Kac SRB"]
[Date "2012.03.25"]
[Round "4"]
[White "Manakova,M"]
[Black "Nonkovic,B"]
[Result "1-0"]
[WhiteElo "2315"]
[BlackElo "1900"]

1.e4 d6 2.d4 Nf6 3.Nc3 e5 4.Nf3 Nbd7 5.Bc4 Be7 6.O-O O-O 7.Re1 c6 8.a4 exd4
9.Nxd4 Ne5 10.Be2 Re8 11.f4 Ng6 12.g3 Bh3 13.a5 Qd7 14.Bf3 Rac8 15.Qd3 Bf8
16.Bd2 h5 17.Nd1 c5 18.Ne2 c4 19.Qe3 Nxe4 20.Bxe4 d5 21.Nf2 dxe4 22.Bc3 Bc5
23.Bd4 Bxd4 24.Qxd4 Qf5 25.Nc3 Rcd8 26.Qxc4 e3 27.Nxh3 Qxh3 28.Rad1 Rxd1
29.Nxd1 h4 30.Qf1 Qf5 31.Rxe3 Rxe3 32.Nxe3 Qxa5 33.b3 hxg3 34.hxg3 Qc3 35.Kf2 Ne7
36.Qb5 Qc6 37.Qe5 Nc8 38.c4 Qd7 39.Nd5 f6 40.Qe3 b6 41.Qd3 Kf7 42.Qe4 Nd6
43.Qe2 Kf8 44.g4 Nb7 45.Kf3 Nc5 46.Qe3 Qd6 47.b4 Nd7 48.b5 Kf7 49.Qe4 Nc5
50.Qe2 Ne6 51.Qa2 Qd7 52.f5 Ng5+ 53.Kg2 Kf8 54.Qa3+ Kf7 55.Qg3 Ne4 56.Qf4 Nd6
57.Ne3 Qb7+ 58.Qf3 Qe7 59.Qd5+ Kf8 60.Kf3 Nb7 61.Ng2 Qa3+ 62.Ne3 Qe7 63.Qe4 Qd7
64.Qf4 Nd6 65.Qd4 Qc7 66.Qd5 Nb7 67.Ng2 Nd6 68.Nf4 Qb7 69.Qxb7 Nxb7 70.Ke4 Nd8
71.Kd5 Ke7 72.Nh5 Nf7 73.Nxg7 Ne5 74.g5 Nd3 75.g6 Nb4+ 76.Kd4 Nc2+ 77.Kc3 Ne3
78.Kd3 Ng4 79.Kd4 Ne5 80.Kd5 Nd3 81.Kd4 Ne5 82.Nh5 Nf3+ 83.Kd5 Nd2 84.Ng3 Nf3
85.Ne2 Nh4 86.Nd4  1-0

[Event "13th EICC"]
[Site "Plovdiv BUL"]
[Date "2012.03.25"]
[Round "6.170"]
[White "Henseler,J"]
[Black "Mihopoulos,K"]
[Result "1-0"]
[WhiteElo "2071"]
[BlackElo "1951"]

1.e4 d6 2.d4 Nf6 3.Nc3 e5 4.Nf3 Nbd7 5.Bc4 Be7 6.O-O O-O 7.Re1 c6 8.a4 a5
9.Bg5 exd4 10.Qxd4 Nc5 11.Rad1 Be6 12.Bxf6 Bxf6 13.e5 Bg5 14.exd6 Bxc4 15.Qxc5 Bd5
16.Nxd5 cxd5 17.Nxg5 Qxg5 18.Qxd5 Qf4 19.d7 Rad8 20.Qxa5  1-0

[Event "ch-Urals Men 2012"]
[Site "Satka RUS"]
[Date "2012.03.25"]
[Round "2"]
[White "Gerasev,German"]
[Black "Purtov,K"]
[Result "0-1"]
[WhiteElo "1825"]
[BlackElo "2070"]

1.e4 d6 2.d4 Nf6 3.Nc3 Nbd7 4.g3 e5 5.Nge2 Be7 6.Bg2 O-O 7.O-O c6 8.Kh1 b5
9.Bg5 Bb7 10.f3 b4 11.Nb1 c5 12.Bxf6 Bxf6 13.d5 Nb6 14.b3 a5 15.Nd2 a4 16.c4 axb3
17.axb3 Qc7 18.Qc2 Bg5 19.h4 Be3 20.Rab1 Ra3 21.Rb2 Rfa8 22.Rfb1 Nd7 23.Nf1 Bd4
24.Nxd4 cxd4 25.Nd2 Nc5 26.Bf1 Bc8 27.Kh2 Bd7 28.Be2 Rf8 29.Bd3 Bc8 30.Rg1 Qd7
31.Bf1 Qe7 32.Nb1 Ra1 33.Qd2 f5 34.exf5 Bxf5 35.Bg2 Rfa8 36.Rd1 h6 37.Bh3 Bxb1
38.Rdxb1 Rxb1 39.Rxb1 Qf6 40.Rf1 Rb8 41.Qd1 d3 42.Bg2 Qe7 43.Re1 Ra8 44.Bf1 Ra2+
45.Kh3 Qd7+ 46.g4 d2 47.Re2 Qf7 48.Kg2 Qf4 49.h5 Qd4 50.Qb1 d1=Q 51.Qxa2 Q1a1
52.Qc2 Qd3  0-1

[Event "ch-SRB Women 2012"]
[Site "Kac SRB"]
[Date "2012.03.26"]
[Round "5"]
[White "Tomin,Ks"]
[Black "Rakic,Ma"]
[Result "0-1"]
[WhiteElo "1876"]
[BlackElo "2270"]

1.e4 d6 2.d4 Nf6 3.Nc3 Nbd7 4.Nf3 e5 5.Bc4 Be7 6.dxe5 dxe5 7.Bxf7+ Kxf7 8.Ng5+ Kg8
9.Ne6 Qe8 10.Nxc7 Qg6 11.Nxa8 Qxg2 12.Rf1 Nc5 13.Qe2 Bh3 14.Be3 Qxf1+ 15.Qxf1 Bxf1
16.Kxf1 Kf7 17.Nc7 Ncxe4 18.Nxe4 Nxe4 19.Nd5 a6 20.Nxe7 Kxe7 21.Ke2 Ke6 22.Rg1 g6
23.Rg4 Nd6 24.c4 b5 25.cxb5 axb5 26.a4 Rc8 27.b3 Rc3 28.Rb4 bxa4 29.bxa4 Kd5
30.Kd2 Ra3 31.Rb5+ Nxb5 32.axb5 Rb3 33.b6 Kc6 34.Ke2 e4 35.Kf1 Rxe3 36.fxe3 Kxb6
37.Kf2 Kc5 38.Ke2 Kc4 39.Kd2 Kb3 40.Kd1 Kc3 41.Ke1 Kd3 42.Kf2 Kd2  0-1

[Event "13th EICC"]
[Site "Plovdiv BUL"]
[Date "2012.03.27"]
[Round "7.35"]
[White "Radulski,J"]
[Black "Mchedlishvili,M"]
[Result "0-1"]
[WhiteElo "2552"]
[BlackElo "2626"]

1.e4 d6 2.d4 Nf6 3.Nc3 e5 4.Nf3 Nbd7 5.Bc4 Be7 6.Ng5 O-O 7.Bxf7+ Rxf7 8.Ne6 Qe8
9.Nxc7 Qd8 10.Nxa8 b6 11.d5 Ba6 12.f3 Qxa8 13.a4 Nh5 14.Nb5 Bc8 15.O-O a6
16.Nc3 Nf4 17.Be3 Qb8 18.Ra3 a5 19.Nb5 Ba6 20.g3 Ng6 21.c3 Qc8 22.Qe2 h5
23.b4 h4 24.Rb3 Ngf8 25.c4 Bxb5 26.cxb5 axb4 27.Rxb4 Nc5 28.Rc4 Nfd7 29.Kg2 Qe8
30.Rb1 Bd8 31.Rf1 Rf8 32.g4 Qg6 33.Bd2 Bg5 34.Be1 Ra8 35.Bf2 Qh6 36.Ra1 h3+
37.Kh1 Nb3 38.Ra3 Ndc5 39.Qd1 Nd4 40.Bxd4 exd4 41.Rxd4 Bf6 42.Rc4 Be5 43.Rc2 Rf8
44.Qd2 Qxd2 45.Rxd2 Nxe4 46.Rc2 Nc5 47.Rc4 g5 48.f4 gxf4 49.Rxh3 f3 50.Kg1 Nb3
51.Rc2 Bd4+ 52.Kf1 Be3 53.g5 Nd2+ 54.Rxd2 Bxd2 55.Rh6 Bb4 56.h4 Bc5 57.h5 Rf5
58.Rg6+ Kf7 59.a5 bxa5 60.b6 Rxd5 61.Rf6+ Ke7 62.Rxf3 Bxb6 63.Rg3 Rd1+ 64.Ke2 Rg1
65.Rb3 Bd4  0-1

[Event "European Senior Teams 2012"]
[Site "Rogaska Slatina SLO"]
[Date "2012.03.27"]
[Round "1.8"]
[White "Rosino,A"]
[Black "Preuss,F"]
[Result "1-0"]
[WhiteElo "2234"]
[BlackElo "1993"]

1.e4 d6 2.d4 Nf6 3.Nc3 e5 4.dxe5 dxe5 5.Qxd8+ Kxd8 6.Bg5 Be6 7.O-O-O+ Bd6
8.f4 Ke8 9.Nf3 Ng4 10.fxe5 Be7 11.Bxe7 Kxe7 12.Re1 c6 13.h3 Nh6 14.Bd3 Nd7
15.Ne2 a5 16.a3 a4 17.Ned4 g6 18.Rhf1 Ra5 19.g4 Nxe5 20.Nxe5 Rxe5 21.Nf5+ gxf5
22.exf5 f6 23.Rxe5 fxe5 24.fxe6 Ng8 25.Rf7+ Kd6 26.Rf8 b5 27.Bf5  1-0

[Event "ch-Urals Men 2012"]
[Site "Satka RUS"]
[Date "2012.03.28"]
[Round "5"]
[White "Savitskiy,S"]
[Black "Polschikov,A"]
[Result "1-0"]
[WhiteElo "2329"]
[BlackElo "2385"]

1.e4 d6 2.d4 Nf6 3.Nc3 e5 4.Nf3 Nbd7 5.Bc4 Be7 6.O-O O-O 7.a4 c6 8.Re1 b6
9.Ba2 a6 10.h3 Rb8 11.Be3 b5 12.axb5 axb5 13.b4 Qc7 14.Bb3 Nb6 15.Qe2 Bd7
16.Rad1 h6 17.dxe5 dxe5 18.Bc5 Rfe8 19.Qe3 Bc8 20.Nh4 Bf8 21.Bxf8 Rxf8 22.Qc5 Rb7
23.Rd6 Bd7 24.Re3 Ne8 25.Rxh6 gxh6 26.Rg3+ Ng7 27.Qe7 Bg4 28.Qf6 h5 29.Qh6 Nc4
30.hxg4 Qd6 31.g5 Qd2 32.Nf5 Ne6 33.Qxh5 Ra8 34.g6 Ra1+ 35.Kh2 f6 36.g7  1-0

[Event "ch-SRB Women 2012"]
[Site "Kac SRB"]
[Date "2012.03.29"]
[Round "8"]
[White "Drljevic,L"]
[Black "Nonkovic,B"]
[Result "1-0"]
[WhiteElo "2278"]
[BlackElo "1900"]

1.e4 d6 2.d4 Nf6 3.Nc3 e5 4.Nf3 Nbd7 5.g4 Nxg4 6.Rg1 Ngf6 7.Bc4 h6 8.Be3 c6
9.dxe5 dxe5 10.Qd3 b5 11.Bb3 Qa5 12.a4 b4 13.Ne2 Ba6 14.Bc4 Bxc4 15.Qxc4 c5
16.Nc1 Qc7 17.Nd3 a5 18.Nd2 Qc6 19.f3 Nb6 20.Qb5 Qxb5 21.axb5 Nfd7 22.b3 g6
23.Kf2 Bd6 24.Ra2 a4 25.bxa4 c4 26.Nb2 c3 27.Ndc4 Bc7 28.Nxb6 Nxb6 29.Nd3 Rxa4
30.Rxa4 Nxa4 31.Ra1 Nb6 32.Ra7 Kd8 33.Nxb4 Kc8 34.Na6 Bd8 35.Rxf7 Nd7 36.Ke2 h5
37.Nc5 Nb6 38.Ne6 Nc4 39.Bc5 Re8 40.Ng7 Rg8 41.Kd3  1-0

[Event "13th EICC"]
[Site "Plovdiv BUL"]
[Date "2012.03.29"]
[Round "9.85"]
[White "Howell,D"]
[Black "Pancevski,F"]
[Result "1-0"]
[WhiteElo "2614"]
[BlackElo "2470"]

1.e4 d6 2.d4 Nf6 3.Nc3 e5 4.Nf3 Nbd7 5.Bc4 Be7 6.O-O O-O 7.Re1 a6 8.a4 b6
9.b3 Bb7 10.d5 Ne8 11.Na2 a5 12.Bb5 g6 13.Bh6 Ng7 14.Qd2 f5 15.exf5 gxf5
16.b4 Rf6 17.Rab1 Rg6 18.Bc6 Bxc6 19.dxc6 Nf8 20.b5 Nfe6 21.Bxg7 Kxg7 22.Nc3 Bf6
23.Nd5 Kh8 24.Kh1 Qg8 25.c4 Rf8 26.g3 Qg7 27.Rb3 Bd8 28.Ra3 h5 29.Qd1 Rh6
30.Rg1 Qh7 31.Nd2 Rg8 32.f4 h4 33.gxh4 Rxg1+ 34.Qxg1 Rxh4 35.fxe5 dxe5 36.Nf3 Rg4
37.Qa1 Nd4 38.Nxe5 Nc2 39.Qc3 Qg7 40.Nxg4 Nxa3 41.Qh3+ Qh7 42.Qxa3 fxg4 43.Qf8+  1-0

[Event "13th EICC"]
[Site "Plovdiv BUL"]
[Date "2012.03.29"]
[Round "9.150"]
[White "Boehnisch,M"]
[Black "Sofranov,V"]
[Result "0-1"]
[WhiteElo "2291"]
[BlackElo "2198"]

1.e4 d6 2.d4 Nf6 3.Nc3 e5 4.dxe5 dxe5 5.Qxd8+ Kxd8 6.Bg5 Be7 7.O-O-O+ Nbd7
8.Nf3 Ke8 9.Nb5 Bd8 10.Bxf6 gxf6 11.Nh4 Nc5 12.f3 Be6 13.g4 h5 14.gxh5 Rxh5
15.Ng2 a6 16.Nc3 c6 17.Ne3 Ke7 18.Ne2 Bb6 19.Ng3 Nxe4 20.Nef5+ Rxf5 21.fxe4 Rf2
22.Bd3 Rh8 23.h4 Rg2 24.Nf5+ Bxf5 25.exf5 Rh6 26.Rh3 Rg4 27.h5 e4 28.Re1 e3
29.c3 Kd6 30.Kc2 Ke5 31.Re2 Kf4 32.b4 Rg3 33.Rh4+ Rg4 34.Rh3 Kg5 35.Reh2 Bc7
36.Rh1 Rg2+ 37.Kb3 Rg3 38.Rxg3+ Bxg3 39.a4 Rxh5 40.Rxh5+ Kxh5 41.c4  0-1

[Event "13th EICC"]
[Site "Plovdiv BUL"]
[Date "2012.03.29"]
[Round "9.96"]
[White "Nabaty,T"]
[Black "Baratosi,D"]
[Result "1-0"]
[WhiteElo "2559"]
[BlackElo "2407"]

1.e4 d6 2.d4 Nf6 3.Nc3 e5 4.Nf3 Nbd7 5.Bc4 Be7 6.O-O O-O 7.Re1 a6 8.a4 b6
9.Nd5 Bb7 10.Nxe7+ Qxe7 11.Bd3 Rfe8 12.c3 exd4 13.cxd4 d5 14.e5 Ne4 15.a5 c5
16.axb6 cxd4 17.Bf4 Qb4 18.Qa4 Qxa4 19.Rxa4 Ndc5 20.Ra3 Re6 21.Nxd4 Nxd3
22.Rxd3 Rxb6 23.Rc1 f6 24.e6 Re8 25.h4 Ba8 26.f3 Nd6 27.Rdc3 Bb7 28.Bxd6 Rxd6
29.Rc7 Rb6 30.Rd7 Bc8 31.Rcc7 Bxd7 32.exd7  1-0

[Event "European Senior Teams 2012"]
[Site "Rogaska Slatina SLO"]
[Date "2012.03.29"]
[Round "3.18"]
[White "Lyly,S"]
[Black "Djurkovic,M"]
[Result "0-1"]
[WhiteElo "1939"]
[BlackElo "2130"]

1.e4 d6 2.d4 Nf6 3.Nc3 c6 4.Nf3 Qa5 5.Bd3 e5 6.O-O Bg4 7.dxe5 dxe5 8.Bd2 Qc7
9.Be2 h6 10.Nh4 Be6 11.Kh1 b5 12.Bd3 Nbd7 13.f4 exf4 14.Bxf4 Bd6 15.Bxd6 Qxd6
16.Nf5 Bxf5 17.exf5 O-O 18.Ne4 Qe5 19.Nxf6+ Nxf6 20.c3 Rad8 21.Qf3 Rd6 22.Rfe1 Qc5
23.Rad1 Rfd8 24.Bc2 Rd2 25.Bb3 R8d6 26.Qf4 Rxd1 27.Rxd1 Rxd1+ 28.Bxd1 Nd7
29.Bb3 Ne5 30.h3 Qd6 31.Qe4 Kf8 32.Qe2 f6 33.Qd1 Ke7 34.Qxd6+ Kxd6 35.Bc2 Nc4
36.b3 Ne3 37.Bd3 Nd1 38.Bc2 Nxc3 39.a3 b4 40.a4 Ne2 41.g4 Nd4 42.Bd1 c5 43.Kg2 c4  0-1

[Event "Belgrade Spring Open 2012"]
[Site "Belgrade SRB"]
[Date "2012.03.30"]
[Round "7.8"]
[White "Jovanovic,Alek SRB"]
[Black "Stefanovic,M"]
[Result "1/2-1/2"]
[WhiteElo "2220"]
[BlackElo "2075"]

1.e4 d6 2.d4 Nf6 3.Nc3 Nbd7 4.Nf3 e5 5.Bc4 Be7 6.O-O O-O 7.Qe2 c6 8.a4 a5
9.Rd1 Qc7 10.h3 exd4 11.Nxd4 Nc5 12.Qf3 Nfd7 13.Qg3 Ne5 14.Be2 Bf6 15.Be3 Qe7
16.Rd2 Ng6 17.f3 d5 18.Qf2 dxe4 19.Nxc6 bxc6 20.Bxc5 e3 21.Qxe3 Qxe3+ 22.Bxe3 Rb8
23.Nd1 Bxb2 24.Rb1 Be5 25.Rxb8 Bxb8 26.Bb6 Bf4 27.Rd4 Bf5 28.Bd3 Bxd3 29.Rxd3 h6
30.Bxa5 Ra8 31.Rd8+ Rxd8 32.Bxd8 Ne5 33.Nb2 Be3+ 34.Kf1 Bd4 35.Nd3 Nc4 36.Nb4 Ne3+
37.Ke2 c5 38.Nc6 Nxc2 39.Kd3 Ne1+ 40.Kc4 Nxg2 41.Nxd4 cxd4 42.a5 Nf4 43.a6 d3
44.Kc3 Nd5+ 45.Kxd3 Nb4+ 46.Kc4 Nxa6 47.Kd4 Nb8 48.Ke4 Nc6 49.Bb6 Ne7 50.Bc5 Ng6
51.Kf5 Nf8 52.Bd6 g6+ 53.Ke5 Nd7+ 54.Kf4 Kg7 55.Bb4 f6 56.Ke4 f5+ 57.Kf4 Kf7
58.h4 Ke6 59.Kg3 g5 60.Bc3 f4+ 61.Kg4 Nf6+ 62.Kh3 Kf5 63.hxg5 hxg5 64.Bd4 Nd5
65.Bc5 Ne3 66.Bd4 Nd5 67.Bc5 Nf6 68.Bd4 Nd5 69.Bc5 Nc3 70.Bb4 Nd1 71.Bc5 Ne3
72.Bb4 g4+ 73.fxg4+ Nxg4 74.Bd6 Ne5 75.Kg2 Ke4 76.Bxe5 Kxe5 77.Kf3 Kf5 78.Kf2 Kg4
79.Kg2 f3+ 80.Kf2 Kf4 81.Kf1 Kg3  1/2-1/2

[Event "Belgrade Spring Open 2012"]
[Site "Belgrade SRB"]
[Date "2012.03.30"]
[Round "7.9"]
[White "Ilic,Al"]
[Black "Starcevic,G"]
[Result "0-1"]
[WhiteElo "2115"]
[BlackElo "2192"]

1.e4 d6 2.d4 Nf6 3.Nc3 e5 4.Nf3 Nfd7 5.Bc4 Be7 6.h3 O-O 7.Qe2 c6 8.a4 exd4
9.Nxd4 d5 10.exd5 cxd5 11.Bb3 Bc5 12.Be3 Bxd4 13.Bxd4 Re8 14.Be3 d4 15.Qc4 Ne5  0-1

[Event "13th EICC"]
[Site "Plovdiv BUL"]
[Date "2012.03.30"]
[Round "10.156"]
[White "Petrov,Vl5"]
[Black "Pantic,I"]
[Result "1/2-1/2"]
[WhiteElo "1980"]
[BlackElo "2242"]

1.e4 d6 2.d4 Nf6 3.Nc3 e5 4.dxe5 dxe5 5.Qxd8+ Kxd8 6.Bc4 Ke8 7.f3 c6 8.Be3 Nbd7
9.Nge2 b5 10.Bb3 Bc5 11.Nd1 Bxe3 12.Nxe3 Nc5 13.a4 Nxb3 14.cxb3 Be6 15.axb5 cxb5
16.Nc3 b4 17.Ncd5 Bxd5 18.exd5 g6 19.Ra5 Kf8 20.O-O Kg7 21.Rfa1 Rhd8 22.R1a4 Rab8
23.Rxa7 Nxd5 24.Nc4 Nb6 25.Rxb4 Nxc4 26.Rxb8 Rxb8 27.bxc4 Rxb2 28.h3 Rc2
29.Rc7 g5 30.c5 h5 31.c6 h4 32.Rc8 Kg6 33.Kh2 Kf5 34.Rf8 f6 35.Rc8 Kf4 36.Rc7 Ke3
37.Rc8 Kf4 38.Rc7 f5 39.Rc8 e4 40.fxe4 Kxe4 41.Rg8 f4  1/2-1/2

[Event "ch-Urals Men 2012"]
[Site "Satka RUS"]
[Date "2012.03.30"]
[Round "7"]
[White "Gabaidulina,Olga"]
[Black "Nasybullina,Alfia"]
[Result "1-0"]
[WhiteElo "1880"]
[BlackElo "2021"]

1.e4 d6 2.d4 Nf6 3.Nc3 Nbd7 4.Bc4 e5 5.Nge2 Be7 6.O-O O-O 7.f4 c6 8.Kh1 b5
9.Bd3 b4 10.Nb1 Bb7 11.Nd2 Re8 12.c3 Bf8 13.Ng3 c5 14.fxe5 dxe5 15.d5 Nb6
16.cxb4 cxb4 17.Nb3 h6 18.Bb5 Nbd7 19.Qf3 a6 20.Ba4 Qc7 21.Nf5 Rec8 22.Bxd7 Qxd7
23.Nxh6+ gxh6 24.Qxf6 Bg7 25.Qh4 Qd6 26.Be3 Rc2 27.Na5 Bc8 28.Rac1 Rxc1 29.Rxc1 Bd7
30.Nc4 Qg6 31.Nb6 Bf6 32.Qxh6 Rd8 33.Nxd7 Rxd7 34.Rc8+ Rd8 35.Qxg6+ fxg6
36.Rxd8+ Bxd8 37.Bc5 b3 38.a4 Kf7 39.Kg1 Bg5 40.Kf1 Bf4 41.h3 Kf6 42.Ke2 Bc1
43.Ba3 Kg5 44.g3  1-0

[Event "4NCL 2011-12"]
[Site "Hinkley ENG"]
[Date "2012.03.31"]
[Round "7.55"]
[White "Van de Griendt,JW"]
[Black "Garrido Dominguez,J"]
[Result "1/2-1/2"]
[WhiteElo "2327"]
[BlackElo "2389"]

1.d4 d6 2.e4 Nf6 3.Nc3 e5 4.Nf3 Nbd7 5.Be2 Be7 6.O-O O-O 7.Re1 c6 8.a4 Qc7
9.a5 Rb8 10.h3 b5 11.axb6 axb6 12.d5 b5 13.dxc6 Qxc6 14.Bg5 Bd8 15.Bd3 b4
16.Ne2 Nc5 17.Ng3 Ne6 18.Be3 Bb6 19.Nf5 Qc7 20.Bxb6 Rxb6 21.Nd2 Nf4 22.Nc4 Rc6
23.Nfe3 Rc5 24.Ra4 d5 25.exd5 N6xd5 26.Bf1 Bd7 27.Ra1 Rd8 28.Qf3 f6 29.Nxd5 Rxd5
30.Qb3 Be6 31.Qxb4 Rd4 32.Qa5 Qb7 33.Ne3 Qf7 34.c3 Rd2 35.Rad1 Rxd1 36.Rxd1 Rb8
37.Rd8+ Rxd8 38.Qxd8+ Qf8 39.Qxf8+ Kxf8 40.h4 Ke7 41.g3 Ng6 42.Bd3 Nf8 43.Kf1 g6
44.Bc4 f5 45.Bxe6 Kxe6 46.Ke2 Nd7 47.Kd3 Nc5+ 48.Kc4 Ne4 49.Nd1 h5 50.b4 Kd6
51.Kb5 f4 52.c4 fxg3 53.fxg3 Kc7 54.Ne3 Nxg3 55.Nd5+ Kd6 56.Ne3 Kc7 57.c5 Nf5
58.Nd5+ Kc8 59.Ka6 e4 60.b5 e3 61.b6 e2 62.b7+ Kd7 63.b8=Q e1=Q 64.Nb6+  1/2-1/2

[Event "13th EICC"]
[Site "Plovdiv BUL"]
[Date "2012.03.31"]
[Round "11.148"]
[White "Makka,I"]
[Black "Kigel,D"]
[Result "1-0"]
[WhiteElo "2152"]
[BlackElo "2235"]

1.e4 d6 2.d4 Nf6 3.Nc3 c6 4.g3 Nbd7 5.a4 e5 6.Nge2 d5 7.exd5 cxd5 8.dxe5 Nxe5
9.Bg2 Bg4 10.O-O Be7 11.Bf4 Ng6 12.Be3 O-O 13.h3 Be6 14.f4 Bf5 15.g4 Be4
16.Nxe4 Nxe4 17.c4 Bc5 18.Bxc5 Nxc5 19.Bxd5 Qe7 20.Ra3 Nh4 21.Ng3 Rfe8 22.Qd4 Ne6
23.Qf2 Qf6 24.Nh5 Qd4 25.f5 Qxf2+ 26.Kxf2 Nxf5 27.gxf5 Nd4 28.Kg1 Re5 29.Ng3 Rae8
30.a5 b6 31.axb6 axb6 32.Ra7 R5e7 33.Rfa1 h5 34.Rxe7 Rxe7 35.Rd1 Ne2+ 36.Nxe2 Rxe2
37.b4 Re5 38.Ra1 Kh7 39.Ra7 Kh6 40.Rxf7 b5 41.Kf2 bxc4 42.Bxc4 Re4 43.Rc7 Rf4+
44.Kg3 Rxf5 45.Bd3 Rf6 46.b5 h4+ 47.Kxh4 Rf4+ 48.Kg3 Rb4 49.h4 Rb3 50.Rd7 Kh5
51.Rd8  1-0

[Event "European Senior Teams 2012"]
[Site "Rogaska Slatina SLO"]
[Date "2012.03.31"]
[Round "5.16"]
[White "Ulker,A"]
[Black "Djurkovic,M"]
[Result "1/2-1/2"]
[WhiteElo "2068"]
[BlackElo "2130"]

1.e4 d6 2.d4 Nf6 3.Nc3 c6 4.f4 Qa5 5.Bd3 e5 6.dxe5 dxe5 7.f5 Bc5 8.Qf3 b5
9.Bd2 Qb6 10.Nge2 Nbd7 11.g4 h6 12.Ng3 a5 13.h4 Bb7 14.g5 hxg5 15.hxg5 Rxh1+
16.Nxh1 Ng8 17.Ng3 O-O-O 18.O-O-O Qc7 19.Nh5 g6 20.Ng3 gxf5 21.Nxf5 f6 22.g6 Nf8
23.Qg4 Kb8 24.Rh1 Bc8 25.g7 Ne6 26.Rh8 Nd4 27.Qg6 Be6 28.Nh6 Be7 29.Nf7 Rc8
30.Nh6 Rd8 31.Qh7 Qc8 32.a3 Kb7 33.Nd1 Kb6 34.Nf2 c5 35.Be3 Nxh6 36.Qxh6 Bg8
37.Bf1 Qe6 38.c4 bxc4 39.Nd1 Nb3+ 40.Kc2 Na1+ 41.Kc1 Nb3+ 42.Kc2 Nd4+ 43.Kc1 Nb3+  1/2-1/2

[Event "ch-Urals Men 2012"]
[Site "Satka RUS"]
[Date "2012.03.31"]
[Round "8"]
[White "Enderov,Vladimir"]
[Black "Muksimova,Oksana"]
[Result "0-1"]
[WhiteElo "1933"]
[BlackElo "1753"]

1.e4 d6 2.d4 Nf6 3.Nc3 Nbd7 4.f4 e5 5.Nf3 exd4 6.Qxd4 g6 7.e5 dxe5 8.fxe5 Bc5
9.Qc4 Qe7 10.Bf4 Nb6 11.Qe2 Nfd5 12.Bg5 Nxc3 13.Bxe7 Nxe2 14.Bxc5 Nf4 15.O-O-O Bd7
16.Ng5 Bc6 17.Bxb6 axb6 18.Bc4 Nxg2 19.Rhg1 O-O 20.e6 fxe6 21.Bxe6+ Kg7 22.Bb3 Nf4
23.Rg4 h6 24.Rxf4 hxg5 25.Rg4 Rf5 26.Rdg1 Rh8 27.Rxg5 Rxg5 28.Rxg5 Rxh2 29.c3 Kf6
30.Rg3 Rh1+ 31.Kd2 Rh2+ 32.Kc1 Rh1+ 33.Kd2 Rh2+ 34.Kc1 Be4 35.Ba4 c6 36.Bd1 Kf5
37.a4 Kf4 38.Rg4+ Ke3 39.Rg3+ Kf2 40.Rg4 Ke3 41.Rg3+ Kf4 42.Rg4+ Ke5 43.Rg3 c5
44.b3 Rg2 45.Re3 Kf4 46.Re1 Rf2 47.Rg1 g5 48.Rg4+ Kf5 49.Rg1 Rf4 50.Kd2 g4
51.Ke3 Bf3 52.Bc2+ Be4 53.Bd1 Bf3 54.Bc2+ Kg5 55.Rg3 Rf8 56.Rg1 Re8+ 57.Kd2 Re2+
58.Kd3 Kf4 59.b4 g3 60.bxc5 bxc5 61.Bb3 g2 62.Kc4 Rf2 63.Kxc5 Rf1 64.Rxg2 Bxg2
65.a5 Rb1 66.Ba4 Ke5 67.c4 Ra1 68.Kb4 Kd4 69.Bb5 Bc6 70.a6 Bf3 71.axb7 Bxb7
72.Kb3 Ba6 73.Bxa6 Rxa6 74.Kb4 Rb6+ 75.Ka5 Rb8  0-1